Score 0/50 Timer 08:00
0 Plays Today
% Correct
Phoenician
82.8%
Latin
79%
Sumerian
78.9%
Philistine
78.2%
Etruscan
78%
Hittite
78%
Gothic
76.9%
Punic
76.7%
Thracian
76.7%
Hunnic
76.3%
Gaulish
76.2%
Scythian
75.9%
Vandalic
73.7%
Pictish
72.7%
Messapian
72.5%
Lycian
72.1%
Akkadian
71.8%
Galatian
71.8%
Moabite
71.6%
Edomite
70.6%
Celtiberian
70.5%
Eteocypriot
69.6%
Etocretan
69.6%
Lombardic
69.5%
Umbrian
69.4%
% Correct
Venetic
68.8%
Dalmatian
67.5%
Elamite
66.7%
Susquehannock
66%
Powhatan
65.7%
Lusitanian
65.5%
Palaic
65.2%
Lepontic
64.6%
Iberian
64.2%
Noric
64%
Ugartic
63.9%
Jassic
62.3%
Selonian
62.2%
Hurrian
61.9%
Apalachee
61.1%
Sabine
60.7%
Shinnecock
60.2%
Oscan
59.1%
Luwian
57.1%
Carian
57.1%
Ge'ez
52.8%
Zhang-Zhung
52.3%
Khazar
50.9%
Tangut
49.6%
Bulgar
48.8%
Remove Ads.
Support Sporcle.
Get the best of Sporcle when you Go Orange. This ad-free experience offers more features, more stats, and more fun while also helping to support Sporcle. Thank you for becoming a member.

You're not logged in!

Compare scores with friends on all Sporcle quizzes.
OR
Log In

Show Comments

Extras

Top Quizzes Today


Score Distribution

Your Account Isn't Verified!

In order to create a playlist on Sporcle, you need to verify the email address you used during registration. Go to your Sporcle Settings to finish the process.

Report this User

Report this user for behavior that violates our Community Guidelines.

Details: